000 00688nam a2200229Ia 4500
003 GCL
008 140319s9999 xx 000 0 ara d
040 _aGCL /
_cGCL
082 0 4 _a154.1933
_bهـ س
100 1 _aخليل احمد خليل
245 1 0 _aسيكولوجية التعصب /
_cخليل احمد خليل
700 1 _aهاينال, اندرية
700 1 _aمولنار, ميكوس
700 1 _aدى بوميح، جيراد
260 _a[S.N] :
_bدار الساقى ،
_c1990
300 _a88 ص
490 _a
650 0 4 _aالتحليل النفسى
650 0 4 _aعلم النفس الاجتماعى
650 0 4 _aالعدوانية
942 _2ddc
_cBK
999 _c28230
_d28230